| 000 | 00560nam a2200181 a 4500 | ||
|---|---|---|---|
| 001 | 000035109 | ||
| 005 | 20240306164224.0 | ||
| 008 | 111025s1968 cu 000 0 spa d | ||
| 040 |
_aDO-SdBNP _bspa _cBNPHU |
||
| 082 |
_axxxx _bxxxx |
||
| 100 | 1 |
_aVargas Llosa, Mario, _d1936- _912567 |
|
| 245 | 1 | 4 |
_aLos cachorros / _cMario Vargas Llosa. |
| 260 |
_aLa Habana, : _bCasa de la Américas, _c1968. |
||
| 300 |
_a67 p. ; _c16 cm. |
||
| 490 | 1 | _aLa honda | |
| 590 | _aPerteneció a la biblioteca personal de Juan Isidro Jimenes Grullón | ||
| 830 | 0 |
_aLa honda _922010 |
|
| 999 |
_c34600 _d34600 |
||